书目信息 |
| 题名: |
电力企业决策支持系统原理及应用
|
|
| 作者: | 施泉生 , 张科伟 , 潘华 编著 | |
| 分册: | ||
| 出版信息: | 北京 中国电力出版社 2016.04 |
|
| 页数: | 258页 | |
| 开本: | 20cm | |
| 丛书名: | ||
| 单 册: | ||
| 中图分类: | F407.61 | |
| 科图分类: | ||
| 主题词: | 工业经济--经济理论 | |
| 电子资源: | ||
| ISBN: | 978-7-5123-8604-4 | |
| 000 | 00725nam0 2200217 45 | |
| 001 | 2054246146 | |
| 005 | 20200904150536.26 | |
| 010 | @a978-7-5123-8604-4@dRMB 34.00 | |
| 100 | @a20200904d2016 km y0chiy0120 ea | |
| 101 | 0 | @achi |
| 102 | @aCN | |
| 200 | 1 | @a电力企业决策支持系统原理及应用@Adian li qi ye jue ce zhi chi xi tong yuan li ji ying yong@f施泉生, 张科伟, 潘华编著@Fshi quan sheng,zhang ke wei,pan hua bian zhu |
| 210 | @a北京@c中国电力出版社@d2016.04 | |
| 215 | @a258页@d20cm | |
| 606 | 0 | @a工业经济@x经济理论 |
| 690 | @aF407.61@v4 | |
| 701 | 0 | @a施泉生@Ashi quan sheng@4编著 |
| 701 | 0 | @a张科伟@Azhang ke wei@4编著 |
| 701 | 0 | @a潘华@Apan hua@4编著 |
| 801 | 0 | @aCN@bPFT@c20200904 |
| 905 | @a10447@dF407.61@eS498 | |
| 电力企业决策支持系统原理及应用/施泉生, 张科伟, 潘华编著.-北京:中国电力出版社,2016.04 |
| 258页;20cm |
| ISBN 978-7-5123-8604-4:RMB 34.00 |
| ● |
| 相关链接 |
|
|
|
正题名:电力企业决策支持系统原理及应用
索取号:F407.61/S498
 
预约/预借
| 序号 | 登录号 | 条形码 | 馆藏地/架位号 | 状态 | 备注 |
| 1 | 1234922 | 212349225 | 社科库409/409社科库 34排3列4层/ [索取号:F407.61/S498] | 在馆 |